LEADER 02101nam 2200529Kn 450 001 9910691697503321 005 20030206171144.0 035 $a(CKB)5470000002346404 035 $a(OCoLC)49048224 035 9 $aocm49048224 035 $a(OCoLC)995470000002346404 035 $a(EXLCZ)995470000002346404 100 $a20020214d2001 ua 0 101 0 $aeng 181 $ctxt$2rdacontent 182 $cc$2rdamedia 183 $acr$2rdacarrier 200 00$aFTC explains 'made in USA' standard to confirm consumer confidence$b[electronic resource] 210 1$a[Washington, D.C.] :$cFederal Trade Commission, Bureau of Consumer Protection, Office of Consumer and Business Education,$d[2001] 225 1 $aFTC consumer alert 300 $aTitle from title screen (viewed on Feb. 6, 2003). 330 8 $aThe U.S. Federal Trade Commission (FTC) presents information in PDF format for consumers on the "Made in the USA" labeling on products. According to the FTC, the labeling means that all or virtually all of the product was made in America. Except for automobiles and textile and wool products, it is the choice of the manufacturer or advertiser to say whether or not a product is domestic. 606 $aConsumer goods$xLabeling$zUnited States 606 $aMarks of origin$xStandards$zUnited States 606 $aConsumer education 606 $aConsumer protection 606 $aGovernment information 606 $aLabels 615 0$aConsumer goods$xLabeling 615 0$aMarks of origin$xStandards 615 4$aConsumer education. 615 4$aConsumer protection. 615 4$aGovernment information. 615 4$aLabels. 676 $a342.0418 676 $a381.34 676 $a640.73 676 $a686.28 712 02$aUnited States.$bFederal Trade Commission.$bOffice of Consumer and Business Education. 801 0$bN@F 801 1$bN@F 801 2$bOCLCQ 801 2$bGPO 906 $aBOOK 912 $a9910691697503321 996 $aFTC explains 'made in USA' standard to confirm consumer confidence$93099740 997 $aUNINA LEADER 03241nam 2200673Ia 450 001 9910781033403321 005 20230721005843.0 010 $a1-282-59186-X 010 $a9786612591860 010 $a90-485-1178-X 035 $a(CKB)2550000000012131 035 $a(EBL)542562 035 $a(OCoLC)645097375 035 $a(SSID)ssj0000417246 035 $a(PQKBManifestationID)11276217 035 $a(PQKBTitleCode)TC0000417246 035 $a(PQKBWorkID)10361052 035 $a(PQKB)10481681 035 $a(MiAaPQ)EBC542562 035 $a(Au-PeEL)EBL542562 035 $a(CaPaEBR)ebr10373184 035 $a(CaONFJC)MIL259186 035 $a(EXLCZ)992550000000012131 100 $a20081022d2009 uy 0 101 0 $aeng 135 $aur|n|---||||| 181 $ctxt 182 $cc 183 $acr 200 14$aThe European repository landscape, 2008$b[electronic resource] $einventory of digital respositories for research output in the EU /$fMaurits van der Graaf ; (edited by Marjan Vernooy-Gerritsen) 210 $aAmsterdam $cAmsterdam University Press$dc2009 215 $a1 online resource (169 p.) 225 0 $aTrends in research information management 300 $a"SURF Foundation". 300 $a"This work contains descriptions of the DRIVER II project findings ... produced with the assistance of the European Union" - t.p. verso. 311 $a90-8964-190-4 327 $aThe European Repository Landscape 2008; Trends in Research Information Management; Contents; About the Contributors; About the DRIVER Studies; 1. Introduction; 2. Development of a Repository Infrastructure; References; 3. Research Repositories in Europe; 4. Contents and related Issues; 5. Technical Infrastructure and technical Issues; 6. Institutional Policies; 7. Services created on top of the Research Repositories; 8. Stimulants and Inhibitors for maintaining Repositories; 9. A new Development: thematic Repositories; 10. Quantitative Assessment of the Contents of institutional Repositories 327 $a11. Quantitative Assessment of the Contents of thematic Repositories12. Questionnaire for the institutional Repositories; 13. Questionnaire for the thematic/non-institutional Repositories 330 $aIt is widely acknowledged that a common knowledge base for European research is necessary. Research repositories are an important innovation to the scientific information infrastructure. In 2006, digital repositories in the 27 countries of the European we 410 0$aSurf / EU driver 606 $aInstitutional repositories$zEuropean Union countries 606 $aDigital libraries$zEuropean Union countries 606 $aLibrary surveys 615 0$aInstitutional repositories 615 0$aDigital libraries 615 0$aLibrary surveys. 676 $a004 700 $aGraaf$b Maurits van der$01516578 701 $aVernooy-Gerritsen$b Marjan$f1952-$01471112 712 02$aDRIVER (Project : Europe) 712 02$aEuropean Union. 712 02$aStichting SURF. 801 0$bMiAaPQ 801 1$bMiAaPQ 801 2$bMiAaPQ 906 $aBOOK 912 $a9910781033403321 996 $aThe European repository landscape, 2008$93753140 997 $aUNINA